Shake spears the tragedies; a collection of critical essays

में बचाया:
ग्रंथसूची विवरण
मुख्य लेखक: HARBAGE, Alfred, 1901 -
स्वरूप: पुस्तक
भाषा:अंग्रेज़ी
प्रकाशित: Prentice-Hall 1964
टैग: टैग जोड़ें
कोई टैग नहीं, इस रिकॉर्ड को टैग करने वाले पहले व्यक्ति बनें!

MARC

LEADER 00000nam a22000007a 4500
008 210126b ||||| |||| 00| 0 eng d
100 |a HARBAGE, Alfred, 1901 -  
245 |a Shake spears  |b the tragedies; a collection of critical essays  |c Alfred Harbage  |e Twentieth century views 
260 |b Prentice-Hall  |c 1964  |h Engle wood Cliffs, N.J  |i 87827  |l PR2983 .H21 
942 |a lcc  |c BK  |e O.A.JOHNSON  |f 26/01/21 
952 |0 0  |1 0  |2 lcc  |4 0  |6 PR2983 H21  |7 0  |9 1822  |a HOL  |b HOL  |d 2021-01-26  |l 0  |o PR2983 .H21  |p 2021-5694  |r 2021-01-26 00:00:00  |w 2021-01-26  |y BK 
999 |c 958  |d 958